000 00997nam a2200241 a 4500
001 BRCA_1031
005 20190320203241.0
008 990127s1998 mx-a---##b---#000-0#spa-#
020 _a9701813642
040 _aDLC
_cDLC
050 4 _aN6550
_b.C85 1998
245 1 0 _aEl cuerpo aludido
_banatomías y construcciones : México, siglos XVI-XX
_ccoordinación editorial Jaime Soler Frost ; fotografía Arturo Piera L. ; diseño Mónica Zacarías Najjar.
260 _aMéxico
_bINBA
_c1998
300 _a207 p.
_bil. a color
_c33 cm.
500 _aCatálogo de la exposición realizada en el Museo Nacional de Arte (Ciudad de México), noviembre 1998 - mayo 1999
500 _aIncluye índice de ilustraciones y catálogo de obra
650 1 4 _aArte mexicano
_vExposiciones
_zMéxico
_93390
650 1 4 _aFigura humana en el Arte
_vExposiciones
_93391
650 1 4 _aAnatomía artística
_vExposiciones
_93392
700 1 _aSoler Frost, Jaime
_93393
700 1 _aPiera L., Arturo
_93394
942 _2lcc
_cB
999 _c910
_d910